[Event "Mecklenburg VP-ch U18"]
[Site "Malchow"]
[Date "2015.02.??"]
[Round "5.6"]
[White "Walter, Moritz"]
[Black "Hagemann, Sven Sebastian"]
[Result "1/2-1/2"]
[WhiteElo "885"]
[BlackElo "1182"]
[PlyCount "105"]
[EventDate "2015.02.04"]
[EventType "swiss"]
[EventRounds "7"]
[EventCountry "GER"]
[SourceTitle "EXT 2022"]
[Source "ChessBase"]
[SourceDate "2021.10.06"]
[SourceVersion "1"]
[SourceVersionDate "2021.10.06"]
[SourceQuality "1"]

1. d4 d5 2. c4 c6 3. Nc3 Nf6 4. Nf3 Bg4 5. Ne5 Bf5 6. Bg5 Nbd7 7. Nxd7 Qxd7 8. Bxf6 exf6 9. f3 Bd6 10. e4 dxe4 11. fxe4 Bg6 12. c5 Be7 13. Be2 Rd8 14. d5 Bxc5 15. dxc6 bxc6 16. Qxd7+ Rxd7 17. Bf3 0-0 18. a3 Re8 19. b4 Bb6 20. Na4 Bxe4 21. Nxb6 Bxf3+ 22. Kf2 axb6 23. Kxf3 Rd3+ 24. Kf2 c5 25. bxc5 bxc5 26. Rhe1 Rxe1 27. Rxe1 Kf8 28. Ra1 Rd2+ 29. Kf3 c4 30. a4 Ke8 31. a5 Rd8 32. a6 Ra8 33. a7 c3 34. Ke2 Kd8 35. Kd3 Kc8 36. Kxc3 g5 37. Kc4 f5 38. Kd5 Kd7 39. Ke5 Ke7 40. Kxf5 f6 41. g4 Kf7 42. Ra6 Kg8 43. Kxf6 Rf8+ 44. Kxg5 Ra8 45. Kh6 Kh8 46. h4 Kg8 47. h5 Kh8 48. g5 Kg8 49. g6 hxg6 50. hxg6 Kh8 51. g7+ Kg8 52. Kg6 Rxa7 53. Rxa7 1/2-1/2

[Event "Mecklenburg VP-ch U18"]
[Site "Malchow"]
[Date "2015.02.??"]
[Round "7.8"]
[White "Walter, Moritz"]
[Black "Steinsiek, Jacob"]
[Result "1-0"]
[WhiteElo "885"]
[BlackElo "995"]
[PlyCount "87"]
[EventDate "2015.02.04"]
[EventType "swiss"]
[EventRounds "7"]
[EventCountry "GER"]
[SourceTitle "EXT 2022"]
[Source "ChessBase"]
[SourceDate "2021.10.06"]
[SourceVersion "1"]
[SourceVersionDate "2021.10.06"]
[SourceQuality "1"]

1. d4 d5 2. c4 Nf6 3. Nc3 Bf5 4. Nf3 e6 5. a3 Nc6 6. Bf4 Bd6 7. Bxd6 cxd6 8. e3 0-0 9. Be2 a6 10. b4 dxc4 11. Bxc4 d5 12. Bd3 b5 13. Bxf5 exf5 14. 0-0 Re8 15. Re1 Ne4 16. Rc1 Rc8 17. Qb3 Nxc3 18. Rxc3 Re7 19. Rec1 Rec7 20. g3 g6 21. Rc5 Ne7 22. Ne1 h5 23. f4 f6 24. Nf3 Kg7 25. h4 Kh6 26. Kg2 Rxc5 27. dxc5 a5 28. a4 axb4 29. Qxb4 bxa4 30. Qxa4 Rc7 31. Nd4 Qc8 32. c6 g5 33. Kf3 gxh4 34. gxh4 Ng6 35. Kg3 Ne7 36. Qb5 Kg6 37. Kf3 Kh6 38. Ke2 Kg6 39. Kf3 Kf7 40. Rg1 Nxc6 41. Nxc6 Rxc6 42. Qxd5+ Ke8 43. Rg8+ Ke7 44. Rxc8 1-0

[Event "Mecklenburg VP-ch U16"]
[Site "Malchow"]
[Date "2014.02.04"]
[Round "7"]
[White "Walter, Moritz"]
[Black "Gazizov, Erik"]
[Result "1/2-1/2"]
[WhiteElo "761"]
[BlackElo "782"]
[PlyCount "101"]
[EventDate "2014.02.01"]
[EventType "swiss"]
[EventRounds "7"]
[EventCountry "GER"]
[SourceTitle "EXT 2017"]
[Source "ChessBase"]
[SourceDate "2016.10.25"]
[SourceVersion "1"]
[SourceVersionDate "2016.10.25"]
[SourceQuality "1"]

1. c4 Nf6 2. Nc3 g6 3. d4 Bg7 4. e4 b6 5. g3 Bb7 6. Bg2 0-0 7. Nf3 Nxe4 8. Nxe4 Bxe4 9. 0-0 Nc6 10. d5 Nb4 11. Bd2 Bxb2 12. Bxb4 Bxa1 13. Qxa1 c5 14. dxc6 dxc6 15. Rd1 Qc7 16. c5 Rfd8 17. Ng5 Rxd1+ 18. Qxd1 Rd8 19. Qe1 Bxg2 20. Kxg2 a5 21. cxb6 Qd7 22. Bxa5 Qd5+ 23. Qe4 Qxa5 24. Qxe7 Qd5+ 25. f3 Qxa2+ 26. Kh3 Qd5 27. f4 Qf5+ 28. Kh4 Qd5 29. Qc7 h6 30. b7 hxg5+ 31. fxg5 Qc4+ 32. g4 Qd4 33. b8Q Rxb8 34. Qxb8+ Kg7 35. Kg3 Qd3+ 36. Kf4 c5 37. Qe5+ Kh7 38. Qxc5 Qd2+ 39. Qe3 Qxh2+ 40. Qg3 Qd2+ 41. Qe3 Qb4+ 42. Qe4 Qd2+ 43. Qe3 Qxe3+ 44. Kxe3 Kg7 45. Ke4 Kf8 46. Ke5 Ke7 47. Kd5 f6 48. gxf6+ Kxf6 49. Ke4 Kg5 50. Kf3 Kf6 51. Ke4 1/2-1/2